000 01180nam a2200349 c 4500
999 _c105706
_d105706
003 BLK
005 20250322103259.0
008 180409b bul|||||r ||||||| ||bul||
010 _aKNG00110942000
020 _a954-585-501-0
020 _a9789545855016
040 _aBLK
041 _aBUL
_cBUL
080 _aАмериканска литература (на САЩ)
_b821.111(73)
_x-311.6
_z821.111(73)-311.6
100 1 _aЕсекс, Карен
_eпърви автор
_967605
139 _aЕсекс, Карен
_bЕ 86
245 1 0 _aКлеопатра
_bРоман
_cКарен Есекс; прев. Теодора Божилчева.
257 _aUSA
260 _bБард
_c2003
300 _a384 с.
_c21 см
380 _aX
500 _aОриг. загл. Kleopatra / Karen Essex. - Офс. изд.
653 _aисторически романи
700 _aБожилчева, Теодора Методиева
_d1966-
_9368435
852 _aЦб 217983
856 4 _qpdf
856 4 _qpdf
942 _cKNG
_n0
_013
_s1
944 _aCR
_c09.02.2004
_k30546
_lРенета Константинова
944 _aED
_c12.02.2007
999 _d105706